Вып. 11; Синтезы гетероциклических соединений

Dades bibliogràfiques
Parent link:Синтезы гетероциклических соединений/ Академия наук Армянской ССР, Институт тонкой органической химии. Вып. 11.— , 1957-
Altres autors: Мнацаканян В. А.
Idioma:rus
Publicat: 1979
Matèries:
Format: MixedMaterials Llibre
KOHA link:https://koha.lib.tpu.ru/cgi-bin/koha/opac-detail.pl?biblionumber=329618

MARC

LEADER 00000nam2a2200000 4500
001 329618
005 20231102004159.0
035 |a (RuTPU)RU\TPU\book\355378 
035 |a RU\TPU\book\129616 
090 |a 329618 
100 |a 20170317d1979 k y0rusy5003 ca 
101 0 |a rus 
102 |a AM 
105 |a y z 001zy 
200 0 |a Вып. 11  |f гл. ред. В. А. Мнацаканян 
210 |d 1979 
215 |a 71 с. 
320 |a Предметный указатель: с. 68-71 
461 1 |0 (RuTPU)RU\TPU\book\337293  |t Синтезы гетероциклических соединений  |f Академия наук Армянской ССР, Институт тонкой органической химии  |v Вып. 11  |d 1957-  
606 1 |a Гетероциклические соединения  |x Синтез  |2 stltpush  |3 (RuTPU)RU\TPU\subj\6385  |9 34280 
610 1 |a пирролидин 
610 1 |a методы 
610 1 |a получение 
610 1 |a фурфурол 
610 1 |a диоксен 
610 1 |a карболин 
610 1 |a пропионовая кислота 
675 |a 547.7  |v 3 
702 1 |a Мнацаканян  |b В. А.  |4 651 
801 0 |a RU  |b RuMRKP  |c 19950704  |g psbo 
801 1 |a RU  |b 63413507  |c 20070730  |g PSBO 
801 2 |a RU  |b 63413507  |c 20220111  |g PSBO 
942 |c BK